000 00652nam a2200265Ia 4500
005 20260121170335.0
008 008 260114s9999 xx 000 0 eng d
020 _a9783319693200
037 _aEBOOK
040 _aCRL
040 _beng
040 _cCRL
041 _2eng
041 _aeng
084 _qCRL
100 _aRoussos Dimitrakopoulos
_91062695
245 0 _aAdvances in Applied Strategic Mine Planning
260 _bSpringer
260 _bSpringer
260 _c2018
856 _uhttps://link.springer.com/openurl?genre=book&isbn=978-3-319-69320-0
942 _cEBOOK
999 _c1628424
_d1628424